[Event "Madrid-ch final"]
[Site "Madrid"]
[Date "2019.05.28"]
[Round "4"]
[White "Cabanas Bravo, Juan Andres"]
[Black "Nieto de la Cruz, Julio"]
[Result "1-0"]
[WhiteElo "2010"]
[BlackElo "2168"]
[PlyCount "63"]
[EventDate "2019.05.25"]
[EventType "swiss"]
[EventRounds "7"]
[EventCountry "ESP"]
[SourceTitle "CBM 190 Extra"]
[Source "ChessBase"]
[SourceDate "2019.07.15"]
[SourceVersion "1"]
[SourceVersionDate "2019.07.15"]
[SourceQuality "1"]

1. e4 c5 2. Nf3 d6 3. d4 Nf6 4. Nc3 cxd4 5. Nxd4 g6 6. Be3 Bg7 7. f3 a6 8. Qd2 b5 9. h4 h5 10. Be2 Bb7 11. a4 bxa4 12. Rxa4 Nbd7 13. 0-0 Nc5 14. Ra3 0-0 15. Rfa1 Qc8 16. Na4 Nxa4 17. Rxa4 e5 18. Nb3 d5 19. exd5 Nxd5 20. Bg5 Nf4 21. Bc4 Nxg2 22. Qxg2 e4 23. fxe4 Bxb2 24. Rf1 Qc6 25. Rb4 Bc3 26. Bd5 Bxb4 27. Bxc6 Bxc6 28. Rf6 Rfc8 29. Bh6 Be8 30. Rb6 a5 31. e5 Bc3 32. Qg5 1-0

[Event "Madrid-ch sf"]
[Site "Madrid"]
[Date "2019.05.10"]
[Round "5"]
[White "Nieto de la Cruz, Julio"]
[Black "Rios Rebollo, Victor"]
[Result "0-1"]
[WhiteElo "2168"]
[BlackElo "2007"]
[PlyCount "82"]
[EventDate "2019.05.06"]
[EventType "swiss"]
[EventRounds "9"]
[EventCountry "ESP"]
[SourceTitle "CBM 190 Extra"]
[Source "ChessBase"]
[SourceDate "2019.07.15"]
[SourceVersion "1"]
[SourceVersionDate "2019.07.15"]
[SourceQuality "1"]

1. d4 e6 2. c4 Nf6 3. g3 d5 4. Bg2 Be7 5. Nf3 0-0 6. 0-0 dxc4 7. Qc2 a6 8. a4 Bd7 9. Nbd2 Bc6 10. Nxc4 Be4 11. Qb3 Nc6 12. e3 Nb4 13. Ne1 Bxg2 14. Nxg2 a5 15. Rd1 Qd5 16. Bd2 Ne4 17. Nf4 Qf5 18. Be1 g5 19. f3 gxf4 20. fxe4 Qxe4 21. exf4 Nc2 22. Rac1 Nxd4 23. Rxd4 Bc5 24. Bf2 Bxd4 25. Ne5 Bxf2+ 26. Kxf2 Rad8 27. Rc2 Rd1 28. Nf3 Rfd8 29. Re2 Qd5 30. Qc2 Rd3 31. Ng5 h6 32. Ne4 Qd4+ 33. Kg2 c6 34. Kh3 Kg7 35. Qc1 Qd5 36. Qf1 Qf5+ 37. Kg2 R8d4 38. Qe1 Qd5 39. Kh3 Qh5+ 40. Kg2 Qf3+ 41. Kh3 Rd1 0-1

[Event "Madrid-chT 1617"]
[Site "Madrid"]
[Date "2017.02.12"]
[Round "9.14"]
[White "Gascon del Nogal, Jose Rafael"]
[Black "Nieto de la Cruz, Julio"]
[Result "1-0"]
[WhiteElo "2442"]
[BlackElo "2144"]
[PlyCount "79"]
[EventDate "2016.11.20"]
[EventType "team-tourn"]
[EventRounds "14"]
[EventCountry "ESP"]
[SourceTitle "EXT 2018"]
[Source "ChessBase"]
[SourceDate "2017.10.13"]
[SourceVersion "1"]
[SourceVersionDate "2017.10.13"]
[SourceQuality "1"]
[WhiteTeam "Collado Villalba"]
[BlackTeam "Pueblo Nuevo"]
[WhiteTeamCountry "ESP"]
[BlackTeamCountry "ESP"]

1. Nf3 c5 2. g3 b5 3. Bg2 Bb7 4. 0-0 Nf6 5. d3 d5 6. Nbd2 Nc6 7. e4 dxe4 8. dxe4 e5 9. Qe2 Qb6 10. a4 a6 11. c3 Be7 12. Re1 0-0 13. Nf1 Rad8 14. Ne3 Rfe8 15. axb5 axb5 16. Nf5 Bf8 17. Bg5 Re6 18. Bh3 Na5 19. N5h4 h6 20. Bxe6 hxg5 21. Nxg5 fxe6 22. Ng6 Nc4 23. Rad1 Re8 24. Rd7 Bxe4 25. Nxe4 Nxd7 26. Qh5 Nf6 27. Qh3 Nh7 28. Rd1 Qc6 29. f3 Nxb2 30. Ng5 Nxg5 31. Qh8+ Kf7 32. Nxe5+ Kf6 33. Nxc6 Nxd1 34. Qh4 Rc8 35. Qf4+ Kg6 36. Ne5+ Kh7 37. Qxg5 Nxc3 38. Qg6+ Kh8 39. Nf7+ Kg8 40. Ng5 1-0

[Event "Madrid-chT 1617"]
[Site "Madrid"]
[Date "2017.02.05"]
[Round "8.35"]
[White "Cabanas Jimenez, Andres"]
[Black "Nieto de la Cruz, Julio"]
[Result "1/2-1/2"]
[WhiteElo "2236"]
[BlackElo "2144"]
[PlyCount "94"]
[EventDate "2016.11.20"]
[EventType "team-tourn"]
[EventRounds "14"]
[EventCountry "ESP"]
[SourceTitle "EXT 2018"]
[Source "ChessBase"]
[SourceDate "2017.10.13"]
[SourceVersion "1"]
[SourceVersionDate "2017.10.13"]
[SourceQuality "1"]
[WhiteTeam "64 Villalba"]
[BlackTeam "Pueblo Nuevo"]
[WhiteTeamCountry "ESP"]
[BlackTeamCountry "ESP"]

1. e4 c5 2. Nc3 Nc6 3. g3 g6 4. Bg2 Bg7 5. d3 Rb8 6. Be3 b5 7. Qd2 d6 8. Nge2 h5 9. h3 b4 10. Nd1 e5 11. 0-0 Nge7 12. f4 f5 13. c3 0-0 14. Nf2 Qa5 15. exf5 Bxf5 16. Ne4 bxc3 17. bxc3 Rfd8 18. Rab1 Rxb1 19. Rxb1 d5 20. Nxc5 d4 21. cxd4 exf4 22. Qxa5 Nxa5 23. Nxf4 Bxd4 24. Bxd4 Rxd4 25. Rb8+ Kf7 26. Rf8+ Kxf8 27. Nfe6+ Kf7 28. Nxd4 Bc8 29. Kf2 Kf6 30. Ke3 Ke5 31. Ncb3 Nxb3 32. Nxb3 Nf5+ 33. Kf2 Be6 34. Be4 g5 35. Na5 Nd4 36. h4 gxh4 37. gxh4 Bxa2 38. Bg6 Nf5 39. Nc6+ Kf4 40. Bxh5 Nxh4 41. Nxa7 Nf5 42. Nb5 Bb1 43. Be2 Ng3 44. Nc3 Nxe2 45. Nxe2+ Ke5 46. d4+ Ke4 47. Ke1 Bd3 1/2-1/2

[Event "Madrid-chT 1617"]
[Site "Madrid"]
[Date "2017.01.15"]
[Round "5.15"]
[White "Nieto de la Cruz, Julio"]
[Black "Gonzalez Rivera, Eduardo"]
[Result "1-0"]
[WhiteElo "2144"]
[BlackElo "2040"]
[PlyCount "39"]
[EventDate "2016.11.20"]
[EventType "team-tourn"]
[EventRounds "14"]
[EventCountry "ESP"]
[SourceTitle "EXT 2018"]
[Source "ChessBase"]
[SourceDate "2017.10.13"]
[SourceVersion "1"]
[SourceVersionDate "2017.10.13"]
[SourceQuality "1"]
[WhiteTeam "Pueblo Nuevo"]
[BlackTeam "Moratalaz"]
[WhiteTeamCountry "ESP"]
[BlackTeamCountry "ESP"]

1. d4 d5 2. Nf3 Nf6 3. Bf4 Bf5 4. e3 e6 5. Ne5 Bd6 6. Be2 h6 7. c4 c6 8. Qb3 Bxb1 9. Qxb7 Qa5+ 10. Kf1 Bxe5 11. Bxe5 Ne4 12. Qxa8 0-0 13. Qb7 Na6 14. cxd5 Nb4 15. dxe6 Nc2 16. Rxb1 Nd2+ 17. Kg1 Nxb1 18. exf7+ Kh8 19. Qe7 Qb4 20. Qxb4 1-0

[Event "Madrid-chT 1617"]
[Site "Madrid"]
[Date "2016.12.17"]
[Round "4.45"]
[White "Rodrigo Yanguas, Maria"]
[Black "Nieto de la Cruz, Julio"]
[Result "1-0"]
[WhiteElo "2096"]
[BlackElo "2144"]
[PlyCount "51"]
[EventDate "2016.11.20"]
[EventType "team-tourn"]
[EventRounds "14"]
[EventCountry "ESP"]
[SourceTitle "EXT 2018"]
[Source "ChessBase"]
[SourceDate "2017.10.13"]
[SourceVersion "1"]
[SourceVersionDate "2017.10.13"]
[SourceQuality "1"]
[WhiteTeam "Virgen de Atocha"]
[BlackTeam "Pueblo Nuevo"]
[WhiteTeamCountry "ESP"]
[BlackTeamCountry "ESP"]

1. e4 c5 2. Nf3 d6 3. d4 Nf6 4. Nc3 cxd4 5. Nxd4 g6 6. Be2 Bg7 7. 0-0 0-0 8. Bg5 Nc6 9. Nb3 Be6 10. Kh1 a5 11. a4 Rc8 12. f4 Nb4 13. Nd4 Bc4 14. Ndb5 d5 15. e5 Bxe2 16. Qxe2 Ne4 17. Nxe4 Rxc2 18. Nd2 Rxb2 19. Rfb1 Rxb1+ 20. Rxb1 d4 21. Rc1 f6 22. exf6 exf6 23. Bh4 d3 24. Qe6+ Kh8 25. Nd6 g5 26. Bf2 1-0

[Event "Madrid-chT 1415"]
[Site "Madrid"]
[Date "2015.02.22"]
[Round "11.12"]
[White "Rubio Mejia, Luis Ignacio"]
[Black "Nieto de la Cruz, Julio"]
[Result "1-0"]
[WhiteElo "2453"]
[BlackElo "2178"]
[PlyCount "75"]
[EventDate "2014.11.23"]
[EventType "team-tourn"]
[EventRounds "14"]
[EventCountry "ESP"]
[SourceTitle "EXT 2016"]
[Source "ChessBase"]
[SourceDate "2015.10.08"]
[SourceVersion "1"]
[SourceVersionDate "2015.10.08"]
[SourceQuality "1"]
[WhiteTeam "Virgen de Atocha"]
[BlackTeam "Pueblo Nuevo"]
[WhiteTeamCountry "ESP"]
[BlackTeamCountry "ESP"]

1. d4 Nf6 2. c4 c5 3. d5 b5 4. cxb5 a6 5. bxa6 g6 6. Nc3 Bxa6 7. Nf3 d6 8. e4 Bxf1 9. Kxf1 Bg7 10. g3 0-0 11. Kg2 Nbd7 12. a4 Ra6 13. Ra3 Ng4 14. Nd2 Nde5 15. Qe2 c4 16. f4 Nd3 17. Nxc4 Nxc1 18. Rxc1 h5 19. h3 Nf6 20. b4 e6 21. b5 Ra8 22. Rd1 Re8 23. dxe6 Rxe6 24. Qd3 h4 25. g4 Bf8 26. Ra2 Qc7 27. Ne3 Nd7 28. Ned5 Qb7 29. a5 Nc5 30. a6 Qb8 31. Qc4 Bg7 32. f5 gxf5 33. exf5 Re3 34. f6 Rg3+ 35. Kh2 Bh6 36. Ne7+ Kf8 37. Ncd5 Ne6 38. Rg1 1-0

[Event "Madrid-chT 1415"]
[Site "Madrid"]
[Date "2015.02.01"]
[Round "8.4"]
[White "Lopez del Alamo, Antonio"]
[Black "Nieto de la Cruz, Julio"]
[Result "1-0"]
[WhiteElo "2260"]
[BlackElo "2178"]
[PlyCount "43"]
[EventDate "2014.11.23"]
[EventType "team-tourn"]
[EventRounds "14"]
[EventCountry "ESP"]
[SourceTitle "EXT 2016"]
[Source "ChessBase"]
[SourceDate "2015.10.08"]
[SourceVersion "1"]
[SourceVersionDate "2015.10.08"]
[SourceQuality "1"]
[WhiteTeam "Villalba 64"]
[BlackTeam "Pueblo Nuevo"]
[WhiteTeamCountry "ESP"]
[BlackTeamCountry "ESP"]

1. e4 c5 2. Nf3 Nc6 3. Bb5 Nd4 4. Nxd4 cxd4 5. 0-0 g6 6. c3 Bg7 7. cxd4 Qb6 8. Nc3 Bxd4 9. Nd5 Qc5 10. b4 Qd6 11. Rb1 a6 12. Qc2 Rb8 13. Bb2 Bxb2 14. Qxb2 Nf6 15. Bc4 e5 16. f4 Nxd5 17. Bxd5 f6 18. fxe5 fxe5 19. d4 Qb6 20. Kh1 Qxd4 21. Qc1 h6 22. Qc7 1-0

[Event "Madrid-chT 1415"]
[Site "Madrid"]
[Date "2015.01.18"]
[Round "6.4"]
[White "Nieto de la Cruz, Julio"]
[Black "Gallego Jimenez, Victoriano"]
[Result "0-1"]
[WhiteElo "2178"]
[BlackElo "2340"]
[PlyCount "50"]
[EventDate "2014.11.23"]
[EventType "team-tourn"]
[EventRounds "14"]
[EventCountry "ESP"]
[SourceTitle "EXT 2016"]
[Source "ChessBase"]
[SourceDate "2015.10.08"]
[SourceVersion "1"]
[SourceVersionDate "2015.10.08"]
[SourceQuality "1"]
[WhiteTeam "Pueblo Nuevo"]
[BlackTeam "Casa del Ajedrez"]
[WhiteTeamCountry "ESP"]
[BlackTeamCountry "ESP"]

1. Nf3 Nf6 2. c4 g6 3. b4 Bg7 4. Bb2 0-0 5. g3 d6 6. Bg2 e5 7. 0-0 Nh5 8. d4 e4 9. Ne1 f5 10. Nc3 Be6 11. d5 Bf7 12. Qd2 Nd7 13. Rc1 Ne5 14. Nb5 a6 15. Nd4 b5 16. cxb5 axb5 17. Nc6 Nxc6 18. Bxg7 Kxg7 19. Rxc6 Nf6 20. Rc2 Bxd5 21. Bh1 Bc4 22. Ng2 d5 23. Ne3 Qd6 24. f3 Qb6 25. Rfc1 Ra3 0-1

[Event "Madrid-chT 1415"]
[Site "Madrid"]
[Date "2014.12.21"]
[Round "4.1"]
[White "Fernandez Barrera, Victor"]
[Black "Nieto de la Cruz, Julio"]
[Result "1-0"]
[WhiteElo "2261"]
[BlackElo "2178"]
[PlyCount "83"]
[EventDate "2014.11.23"]
[EventType "team-tourn"]
[EventRounds "14"]
[EventCountry "ESP"]
[SourceTitle "EXT 2016"]
[Source "ChessBase"]
[SourceDate "2015.10.08"]
[SourceVersion "1"]
[SourceVersionDate "2015.10.08"]
[SourceQuality "1"]
[WhiteTeam "Virgen de Atocha"]
[BlackTeam "Pueblo Nuevo"]
[WhiteTeamCountry "ESP"]
[BlackTeamCountry "ESP"]

1. e4 c5 2. Nc3 Nc6 3. Bb5 Nd4 4. Bc4 d6 5. Nf3 Nf6 6. h3 a6 7. a4 Qa5 8. Ra3 e6 9. 0-0 Be7 10. d3 0-0 11. Bd2 Qc7 12. a5 Nc6 13. Qa1 Bd8 14. Ne2 d5 15. exd5 exd5 16. Bb3 Bf5 17. Nf4 Qd6 18. Ne2 Rc8 19. Bf4 Qe7 20. Re1 Be6 21. Ng3 Nb4 22. Nf5 Bxf5 23. Rxe7 Bxe7 24. g4 Be6 25. Ba4 h5 26. g5 Nd7 27. Kh2 Rfd8 28. Qd1 Bf5 29. Nh4 Bh7 30. Qxh5 c4 31. d4 Bxc2 32. Re3 Bf8 33. Bxc2 Nxc2 34. Rc3 Nxd4 35. g6 fxg6 36. Qxd5+ Kh7 37. Qxd4 Nf6 38. Qb6 Bc5 39. Qxb7 Bxf2 40. Nf3 Nd5 41. Ng5+ Kg8 42. Be5 1-0

[Event "Madrid-chT 1415"]
[Site "Madrid"]
[Date "2014.11.23"]
[Round "1.1"]
[White "Espinosa Aranda, Angel"]
[Black "Nieto de la Cruz, Julio"]
[Result "1-0"]
[WhiteElo "2399"]
[BlackElo "2178"]
[PlyCount "59"]
[EventDate "2014.11.23"]
[EventType "team-tourn"]
[EventRounds "14"]
[EventCountry "ESP"]
[SourceTitle "EXT 2016"]
[Source "ChessBase"]
[SourceDate "2015.10.08"]
[SourceVersion "1"]
[SourceVersionDate "2015.10.08"]
[SourceQuality "1"]
[WhiteTeam "Villalba 64"]
[BlackTeam "Pueblo Nuevo"]
[WhiteTeamCountry "ESP"]
[BlackTeamCountry "ESP"]

1. e4 g6 2. d4 Bg7 3. Nc3 c6 4. Bc4 b5 5. Bb3 b4 6. Nce2 Nf6 7. e5 Nd5 8. Nf3 d6 9. 0-0 Bg4 10. Nf4 dxe5 11. dxe5 Nxf4 12. Qxd8+ Kxd8 13. Bxf4 Bxf3 14. gxf3 e6 15. a3 c5 16. axb4 cxb4 17. Ra5 Kc7 18. Rc5+ Kb6 19. Be3 Nd7 20. Rc4+ Kb5 21. Rd1 Rhd8 22. Rcd4 Bxe5 23. Rxd7 Rxd7 24. Rxd7 a5 25. Rb7+ Kc6 26. Rb6+ Kc7 27. Ba4 Bxb2 28. Rb5 Ra6 29. Bf4+ Kd8 30. Rb7 1-0

[Event "Madrid Chamartin op 3rd"]
[Site "Madrid"]
[Date "2014.09.10"]
[Round "5"]
[White "Nieto de la Cruz, Julio"]
[Black "Perez Mitjans, Orelvis"]
[Result "0-1"]
[WhiteElo "2179"]
[BlackElo "2440"]
[PlyCount "71"]
[EventDate "2014.09.07"]
[EventType "swiss"]
[EventRounds "9"]
[EventCountry "ESP"]
[SourceTitle "CBM 162 Extra"]
[Source "ChessBase"]
[SourceDate "2014.10.17"]
[SourceVersion "1"]
[SourceVersionDate "2014.10.17"]
[SourceQuality "1"]

1. d4 Nf6 2. Nf3 g6 3. Bf4 Bg7 4. e3 d6 5. h3 0-0 6. Be2 Nc6 7. c4 Nd7 8. Nc3 e5 9. Bh2 f5 10. a3 Kh8 11. Rc1 exd4 12. exd4 g5 13. d5 Nce5 14. Nd4 Nc5 15. 0-0 Qf6 16. b4 Ne4 17. Ncb5 Qe7 18. f4 gxf4 19. Bxf4 a6 20. Nc3 Ng6 21. Bh2 Bh6 22. c5 Nd2 23. Rc2 Qe3+ 24. Kh1 Qxd4 25. cxd6 Be3 26. Bg1 f4 27. Nb1 Nxf1 28. Qxd4+ Bxd4 29. Bxd4+ Kg8 30. Bxf1 cxd6 31. Nd2 Bf5 32. Rc3 Rae8 33. Nc4 Re1 34. Kg1 Rd1 35. Bf2 Rc8 36. Rb3 0-1

[Event "Madrid-ch sf-A"]
[Site "Madrid"]
[Date "2013.03.20"]
[Round "7"]
[White "Ballesteros Gonzalez, David"]
[Black "Nieto de la Cruz, Julio"]
[Result "1-0"]
[WhiteElo "2231"]
[BlackElo "2111"]
[PlyCount "205"]
[EventDate "2013.03.11"]
[EventType "swiss"]
[EventRounds "9"]
[EventCountry "ESP"]
[SourceTitle "CBM 153 Extra"]
[Source "ChessBase"]
[SourceDate "2013.04.22"]
[SourceVersion "1"]
[SourceVersionDate "2013.04.22"]
[SourceQuality "1"]

1. d4 Nf6 2. Bf4 c5 3. dxc5 Qa5+ 4. Qd2 Qxc5 5. Nc3 Nc6 6. e4 d6 7. Nf3 Be6 8. a3 Rc8 9. Ng5 Bd7 10. b4 Nxb4 11. axb4 Qxc3 12. Qxc3 Rxc3 13. Rxa7 h6 14. Nf3 e5 15. Bd2 Rxc2 16. Rxb7 Be7 17. Bd3 Rc8 18. b5 0-0 19. Ke2 Rb8 20. Rxb8 Rxb8 21. Rb1 d5 22. Nxe5 dxe4 23. Bc4 Be8 24. b6 Bd6 25. Bc3 Kf8 26. b7 Ke7 27. Bd4 Kd8 28. Ba6 Nd5 29. Nc4 Bf4 30. g3 Bc7 31. Ne3 Ne7 32. Ba7 Bc6 33. Rd1+ Ke8 34. Bxb8 Bxb8 35. Bc4 Be5 36. Rb1 Bb8 37. Bb5 Kd7 38. Bxc6+ Nxc6 39. Nc4 Ba7 40. Nb6+ Kc7 41. Nd5+ Kb8 42. Nb4 Nd4+ 43. Kf1 Kxb7 44. Nc2+ Kc6 45. Nxd4+ Bxd4 46. Ke2 Kd5 47. f3 exf3+ 48. Kxf3 Ke5 49. h4 Bc5 50. Rb5 Kd5 51. g4 Kc6 52. Ra5 Be7 53. h5 Kd7 54. Ke4 Ke6 55. Ra6+ Bd6 56. Rb6 Ke7 57. Kf5 Bc5 58. Rc6 Be3 59. Rc7+ Ke8 60. Rc4 Bg5 61. Ke4 Kd7 62. Ke5 Bf6+ 63. Kd5 Bh4 64. Rb4 Ke7 65. Rb7+ Kf6 66. Kd6 Bg3+ 67. Kd7 Kg5 68. Rb4 f5 69. gxf5 Kxf5 70. Ke7 Be5 71. Rb5 Kf4 72. Kf7 Kf5 73. Ra5 Kf4 74. Kg6 Ke4 75. Ra7 Bf6 76. Ra5 Kf4 77. Ra4+ Ke5 78. Ra2 Kf4 79. Ra5 Ke4 80. Rb5 Kf4 81. Rf5+ Kg4 82. Rf1 Bd4 83. Rf7 Bb2 84. Ra7 Bf6 85. Ra4+ Kf3 86. Kf5 Ke3 87. Rb4 Kf3 88. Re4 Bg5 89. Ra4 Ke3 90. Ra6 Bf6 91. Re6+ Kf3 92. Re4 Bg5 93. Re8 Bf6 94. Re6 Bd4 95. Rg6 Bc3 96. Ra6 Bb2 97. Rb6 Bf6 98. Rb3+ Kf2 99. Kg6 Be5 100. Rb7 Kf3 101. Rxg7 Ke4 102. Rh7 Bf4 103. Rxh6 1-0

[Event "Madrid-ch sf-A"]
[Site "Madrid"]
[Date "2013.03.19"]
[Round "6"]
[White "Nieto de la Cruz, Julio"]
[Black "Lopez de Turiso, Jose Angel"]
[Result "1/2-1/2"]
[WhiteElo "2111"]
[BlackElo "2066"]
[PlyCount "116"]
[EventDate "2013.03.11"]
[EventType "swiss"]
[EventRounds "9"]
[EventCountry "ESP"]
[SourceTitle "CBM 153 Extra"]
[Source "ChessBase"]
[SourceDate "2013.04.22"]
[SourceVersion "1"]
[SourceVersionDate "2013.04.22"]
[SourceQuality "1"]

1. d4 Nf6 2. c4 e5 3. dxe5 Ne4 4. a3 d6 5. Qc2 d5 6. cxd5 Qxd5 7. Nc3 Nxc3 8. Qxc3 Nc6 9. Bf4 Qd4 10. Qxd4 Nxd4 11. Rd1 Bc5 12. e3 Ne6 13. Bg3 Bd7 14. Bc4 Ba4 15. Rc1 Bb6 16. Ne2 0-0-0 17. Nf4 Rhe8 18. Nd5 Bc6 19. Nxb6+ axb6 20. f3 Bd5 21. Bb5 c6 22. Be2 Bb3 23. Rc3 Nc5 24. h4 h5 25. e4 Be6 26. Re3 Rd4 27. Bf2 Red8 28. Rc3 Rd2 29. b4 Na4 30. Rc1 Ra2 31. Be3 Rxa3 32. Kf2 Ra2 33. Ra1 Rxa1 34. Rxa1 b5 35. f4 g6 36. Rd1 Nc3 37. Rxd8+ Kxd8 38. Bf3 Bb3 39. Bd4 Na4 40. Ke3 b6 41. f5 c5 42. Ba1 cxb4 43. Be2 Bc4 44. e6 gxf5 45. exf7 Ke7 46. Bxh5 b3 47. Bf6+ Kf8 48. exf5 b2 49. Bxb2 Nxb2 50. Bf3 Kxf7 51. g4 Nd3 52. g5 Ne5 53. Be4 Nd7 54. Kd4 Be2 55. Ke3 Bg4 56. Kf4 Be2 57. Ke3 Bg4 58. Kf4 Be2 1/2-1/2

[Event "Madrid-chT 1213 Honor"]
[Site "Madrid"]
[Date "2012.11.25"]
[Round "2.35"]
[White "Nieto de la Cruz, Julio"]
[Black "Suarez Uriel, Adrian"]
[Result "1-0"]
[WhiteElo "2111"]
[BlackElo "2241"]
[PlyCount "95"]
[EventDate "2012.11.18"]
[EventType "team"]
[EventRounds "14"]
[EventCountry "ESP"]
[SourceTitle "EXT 2014"]
[Source "ChessBase"]
[SourceDate "2013.11.20"]
[SourceVersion "1"]
[SourceVersionDate "2013.11.20"]
[SourceQuality "1"]
[WhiteTeam "Pueblo Nuevo"]
[BlackTeam "Casa del Ajedrez"]
[WhiteTeamCountry "ESP"]
[BlackTeamCountry "ESP"]

1. d4 Nf6 2. c4 g6 3. g3 Bg7 4. Bg2 0-0 5. Nc3 d6 6. Nf3 Nc6 7. 0-0 a6 8. e4 Bg4 9. Be3 Nd7 10. Ne2 f5 11. exf5 Bxf5 12. Nh4 Bg4 13. f3 Bf5 14. Nxf5 Rxf5 15. d5 Nce5 16. Nd4 Rf6 17. Ne6 Qb8 18. Qe2 c5 19. Bg5 Rxe6 20. dxe6 Nf8 21. f4 Nc6 22. Rae1 Qe8 23. b3 Nd4 24. Qg4 Rb8 25. Be4 h6 26. Bh4 b5 27. cxb5 axb5 28. Qd1 Rd8 29. g4 d5 30. Bb1 Ndxe6 31. f5 g5 32. Bg3 Nf4 33. Bxf4 gxf4 34. Rxf4 Qd7 35. h4 Qd6 36. Rf3 Qf6 37. Rh3 Rd6 38. Qf3 Nh7 39. Qe2 Qd4+ 40. Kh1 c4 41. Rg1 Qf6 42. Qg2 d4 43. g5 Qe5 44. f6 Nxf6 45. gxf6 Qxf6 46. Qa8+ Qf8 47. Qe4 d3 48. Rhg3 1-0

[Event "Madrid-chT 1213 Honor"]
[Site "Madrid"]
[Date "2012.11.18"]
[Round "1.16"]
[White "Nieto de la Cruz, Julio"]
[Black "Vazquez Torres, Adrian"]
[Result "1-0"]
[WhiteElo "2111"]
[BlackElo "2205"]
[PlyCount "115"]
[EventDate "2012.11.18"]
[EventType "team"]
[EventRounds "14"]
[EventCountry "ESP"]
[SourceTitle "EXT 2014"]
[Source "ChessBase"]
[SourceDate "2013.11.20"]
[SourceVersion "1"]
[SourceVersionDate "2013.11.20"]
[SourceQuality "1"]
[WhiteTeam "Pueblo Nuevo"]
[BlackTeam "Virgen de Atocha"]
[WhiteTeamCountry "ESP"]
[BlackTeamCountry "ESP"]

1. Nf3 c5 2. e3 Nf6 3. c4 g6 4. Be2 Bg7 5. 0-0 0-0 6. a3 d5 7. cxd5 Nxd5 8. Qc2 b6 9. Rd1 e5 10. d3 Nc6 11. b4 Ncxb4 12. axb4 Nxb4 13. Qa4 Bd7 14. Qb3 Be6 15. Qa4 a6 16. Rd2 b5 17. Qd1 Qc7 18. Bb2 Rfd8 19. Nc3 Nc6 20. Ne4 Na5 21. Nxc5 Qxc5 22. Rxa5 Qb4 23. Ra1 Bb3 24. Qe1 Qe7 25. Rb1 Bd5 26. Rc2 a5 27. Qc1 b4 28. e4 Ba2 29. Ra1 b3 30. Rc7 Qe8 31. Nd2 a4 32. Nc4 f6 33. Nb6 Rab8 34. Qc4+ Kh8 35. Nxa4 Bh6 36. Nc3 Rdc8 37. Bd1 Rxc7 38. Qxc7 Rc8 39. Qb6 Rc6 40. Qa5 Bd2 41. Qa4 Bxc3 42. Bxc3 Qc8 43. Bb2 Qb7 44. Qa5 Qd7 45. Qb5 Qe6 46. h3 Rb6 47. Qc5 Qd6 48. Qxd6 Rxd6 49. Be2 Kg7 50. Kf1 Kf7 51. Ke1 Ke6 52. Rc1 h5 53. Kd2 Rb6 54. Rc4 Bb1 55. Bd1 f5 56. exf5+ gxf5 57. Rh4 e4 58. Rxh5 1-0

[Event "Madrid Chamartin op 1st"]
[Site "Madrid"]
[Date "2012.09.13"]
[Round "6"]
[White "Almagro Llamas, Pablo"]
[Black "Nieto de la Cruz, Julio"]
[Result "1/2-1/2"]
[WhiteElo "2455"]
[BlackElo "2139"]
[PlyCount "62"]
[EventDate "2012.09.09"]
[EventType "swiss"]
[EventRounds "9"]
[EventCountry "ESP"]
[SourceTitle "CBM 150 Extra"]
[Source "ChessBase"]
[SourceDate "2012.10.19"]
[SourceVersion "1"]
[SourceVersionDate "2012.10.19"]
[SourceQuality "1"]

1. Nf3 g6 2. d4 Nf6 3. c4 c5 4. d5 b5 5. cxb5 a6 6. Qc2 Nxd5 7. Qxc5 Bb7 8. e4 Nf6 9. e5 Ne4 10. Qe3 axb5 11. Bd3 Qa5+ 12. Nbd2 Nxd2 13. Bxd2 b4 14. 0-0 Bg7 15. a3 Bxf3 16. Qxf3 Nc6 17. Be4 0-0 18. Bxc6 dxc6 19. Bxb4 Qxe5 20. Rab1 c5 21. Rfe1 Qd6 22. Bc3 Rab8 23. Bxg7 Kxg7 24. Qc3+ Qf6 25. Qxc5 Rfc8 26. Qe3 Rxb2 27. Rxb2 Qxb2 28. h4 Ra8 29. h5 Qxa3 30. Qe5+ f6 31. Qxe7+ Qxe7 1/2-1/2

[Event "Moratalaz op 24th"]
[Site "Madrid"]
[Date "2011.09.22"]
[Round "8"]
[White "Nieto de la Cruz, Julio"]
[Black "Fernandez Cardoso, Alexey"]
[Result "0-1"]
[WhiteElo "2154"]
[BlackElo "2465"]
[PlyCount "66"]
[EventDate "2011.09.15"]
[EventType "swiss"]
[EventRounds "9"]
[EventCountry "ESP"]
[SourceTitle "CBM 144 Extra"]
[Source "ChessBase"]
[SourceDate "2011.10.28"]
[SourceVersion "1"]
[SourceVersionDate "2011.10.28"]
[SourceQuality "1"]

1. c4 Nf6 2. g3 d5 3. Bg2 e6 4. Nf3 Be7 5. 0-0 0-0 6. b3 Ne4 7. Bb2 c5 8. d3 Nd6 9. Nbd2 Nc6 10. a3 dxc4 11. bxc4 Nf5 12. Rb1 Qc7 13. Ne4 b6 14. Bc3 Bb7 15. Qb3 e5 16. Qb2 Nfd4 17. Rfe1 Rad8 18. Ned2 f5 19. a4 Ba8 20. Kf1 Bf6 21. Red1 Rde8 22. Ne1 Kh8 23. a5 bxa5 24. e3 f4 25. Ndf3 fxe3 26. fxe3 Nxf3 27. Nxf3 e4 28. dxe4 Bxc3 29. Qxc3 Ne5 30. Ke2 Bxe4 31. Nh4 Qf7 32. Rf1 Qh5+ 33. Ke1 Bxb1 0-1

[Event "ESP-ch U18"]
[Site "Padron"]
[Date "2011.07.30"]
[Round "8"]
[White "Jimenez Almeida, Luis David"]
[Black "Nieto de la Cruz, Julio"]
[Result "1/2-1/2"]
[WhiteElo "1998"]
[BlackElo "2183"]
[PlyCount "101"]
[EventDate "2011.07.25"]
[EventType "tourn"]
[EventRounds "9"]
[EventCountry "ESP"]
[SourceTitle "EXT 2012"]
[Source "ChessBase"]
[SourceDate "2011.11.24"]
[SourceVersion "1"]
[SourceVersionDate "2011.11.24"]
[SourceQuality "1"]

1. Nf3 Nf6 2. c4 g6 3. d4 c5 4. Nc3 cxd4 5. Nxd4 Bg7 6. e4 d6 7. Be2 0-0 8. Be3 Nc6 9. f3 Nxd4 10. Bxd4 Be6 11. 0-0 a5 12. Kh1 Nd7 13. Bxg7 Kxg7 14. Qd4+ Kg8 15. b3 Qb6 16. Qd2 Nc5 17. Qh6 a4 18. f4 f5 19. exf5 Rxf5 20. Bg4 Rf7 21. Bxe6 Nxe6 22. Nd5 Qd4 23. Rad1 Qg7 24. Qh3 Nc5 25. Nb6 Raf8 26. b4 Ne4 27. Nd5 Qb2 28. Qe3 Nf6 29. Nxf6+ Qxf6 30. h3 Qb2 31. a3 Qb3 32. Qe4 Rxf4 33. Qd5+ Kh8 34. Rxf4 Rxf4 35. Re1 Qg3 36. Rg1 Qxa3 37. Qxb7 Rf7 38. Qd5 Kg7 39. Qd4+ Kg8 40. c5 dxc5 41. bxc5 Qb3 42. c6 Qb8 43. Qxa4 Qc8 44. Qc4 e6 45. Rc1 Rc7 46. Qe4 Qe8 47. Qc4 Qc8 48. Qc5 Qd8 49. Rc4 Qd1+ 50. Kh2 Qd5 51. Qb6 1/2-1/2